| 000 -CABECERA |
| fixed length control field |
01798nam a22002897a 4500 |
| 003 - IDENTIFICADOR DEL NÚMERO DE CONTROL |
| control field |
AR-CdUCM |
| 008 - DATOS DE LONGITUD FIJA--INFORMACIÓN GENERAL |
| fixed length control field |
190425b ||||| |||| 00| 0 spa d |
| 040 ## - FUENTE DE LA CATALOGACIÓN |
| Agencia/entidad que catalogó originalmente la obra |
MUNICIPALIDAD PROVINCIAL DEL CUSCO |
| Entidad que transcribió la catalogación |
BIBLIOTECA MUNICIPAL DEL CUSCO |
| 082 ## - NÚMERO DE LA CLASIFICACIÓN DECIMAL DEWEY |
| No. de Clasificación |
Hist.Ecle/N°6/1998 |
| 110 ## - ENTRADA PRINCIPAL--NOMBRE DE ENTIDAD CORPORATIVA |
| Nombre de la institución, jurisdicción como entrada principal |
Instituto Peruano de Historia Eclesiástica |
| 9 (RLIN) |
47113 |
| 245 ## - MENCIÓN DE TÍTULO |
| Título |
Revista peruana de Historia Eclesiástica / |
| Mención de responsabilidad |
Instituto Peruano de Historia Eclesiástica |
| 260 ## - PUBLICACIÓN, DISTRIBUCIÓN, ETC. |
| Lugar de publicación, distribución, etc. |
Lima. |
| Nombre de la editorial, distribuidor, etc. |
Servicio copias Gráficas, |
| Fecha de publicación, distribución, etc. |
1998. |
| 300 ## - DESCRIPCIÓN FÍSICA |
| Nº de Páginas Extensión |
288 páginas. : |
| Dimensiones |
22 cm. |
| 440 ## - MENCIÓN DE SERIE/PUNTO DE ACCESO ADICIONAL--TÍTULO |
| Título |
Revista peruana de Historia Eclesiástica. |
| Número de la parte/sección de una obra |
N°6,1998. |
| 9 (RLIN) |
47127 |
| 505 ## - NOTA DE CONTENIDO CON FORMATO |
| Nota de contenido formateada |
Contenido: Circunscripción Eclesiástica. José Dammert Bellido. -- La orden dominicana en el Perú del siglo XX. Guillermo Álvarez. -- Las misiones dominicanas de Puerto Maldonado. Juan José Larrañeta. -- La provincia franciscana de los doce apóstoles del Perú en el siglo XX. Federico Richter. -- Los franciscanos en el Perú en el siglo XX. Julián Heras. -- Los mercedarios del Perú en el siglo XX. Severo Aparicio. -- Los agustinos en el Perú del siglo XX. Benigno Ayarra Cámara. -- Los jesuitas en el Perú del siglo XX. Armando Nieto. -- Nuevos institutos religiosos en el Perú del siglo XX. Jeffrey Klaiber. -- La iglesia y la educación peruana en el siglo XX. Andrés Cardó Franco. -- La religiosidad popular en el Perú del siglo XX. Manuel M. Marzal. |
| 650 ## - PUNTO DE ACCESO ADICIONAL DE MATERIA--TÉRMINO DE MATERIA |
| Descriptor |
Historia eclesiástica |
| 9 (RLIN) |
42856 |
| 650 ## - PUNTO DE ACCESO ADICIONAL DE MATERIA--TÉRMINO DE MATERIA |
| Descriptor |
Educación colonial |
| 9 (RLIN) |
25888 |
| 650 ## - PUNTO DE ACCESO ADICIONAL DE MATERIA--TÉRMINO DE MATERIA |
| Descriptor |
Historia del Cusco |
| 9 (RLIN) |
1714 |
| 650 ## - PUNTO DE ACCESO ADICIONAL DE MATERIA--TÉRMINO DE MATERIA |
| Descriptor |
Religión católica |
| 9 (RLIN) |
47116 |
| 650 ## - PUNTO DE ACCESO ADICIONAL DE MATERIA--TÉRMINO DE MATERIA |
| Descriptor |
Evangelización |
| 9 (RLIN) |
47119 |
| 700 ## - PUNTO DE ACCESO ADICIONAL--NOMBRE DE PERSONA |
| Nombre Personal |
Dammert, José |
| 9 (RLIN) |
47121 |
| 700 ## - PUNTO DE ACCESO ADICIONAL--NOMBRE DE PERSONA |
| Nombre Personal |
Álvarez, Guillermo |
| 9 (RLIN) |
47125 |
| 700 ## - PUNTO DE ACCESO ADICIONAL--NOMBRE DE PERSONA |
| Nombre Personal |
Heras, Julián |
| 9 (RLIN) |
47126 |
| 700 ## - PUNTO DE ACCESO ADICIONAL--NOMBRE DE PERSONA |
| Nombre Personal |
Marzal, Manuel |
| 9 (RLIN) |
46162 |
| 942 ## - ELEMENTOS DE PUNTO DE ACCESO ADICIONAL (KOHA) |
| Fuente de clasificación |
|
| Tipo de item |
Revistas cusqueñas |
| 945 ## - PROCESAMIENTO DE INFORMACIÓN LOCAL (OCLC) |
| Catalogador |
rac |